| 000 | 00678cam a2200253 4500 | ||
|---|---|---|---|
| 008 | 090401t1999 xxu||||| |||| 00| 0 eng d | ||
| 020 | _a0419206205 | ||
| 035 | _a(Sirsi) u98069 | ||
| 041 | _aeng | ||
| 050 | _a693.97 | ||
| 100 | _aWarszawski, Abraham | ||
| 245 | _aIndustrialized and automated building systems: a managerial approach. | ||
| 250 | _a2nd. | ||
| 260 |
_aLondon _bE & F N Spon _c1999 |
||
| 300 | _axiv, 464p. ; 25cm. | ||
| 350 | _a85.00 | ||
| 650 | _aPREFABRICATION PLANTS | ||
| 650 | _aCOST ESTIMATING | ||
| 650 | _aROBOTICS | ||
| 650 | _aBUILDING PROCESS | ||
| 690 | _aBUILT ENVIRONMENT-BUILDING MATERIALS | ||
| 942 | _n0 | ||
| 948 | _c04/03/1997 | ||
| 999 |
_c99075 _d99075 |
||